Municipis de la comarca del Gironès - Estadísticas

Estadísticas generales
  • Esta prueba ha sido intentada 110 veces
  • La puntuación promedio es 17 de 28
Respuestas en el mapa
Las respuestas están codificadas por una escala verde-roja en el mapa de la prueba según el % correcto abajo.
 
Estadísticas de respuestas
Respuesta % Correcto
Girona
100%
Salt
96%
Llagostera
77%
Quart
77%
Cassà de la Selva
73%
Celrà
73%
Aiguaviva
69%
Bordils
69%
Sarrià de Ter
69%
Vilablareix
65%
Bescanó
62%
Llambilles
62%
Madremanya
62%
Sant Gregori
62%
Sant Julià de Ramis
62%
Campllong
58%
Flaçà
58%
Fornells de la Selva
58%
Sant Jordi Desvalls
58%
Canet d'Adri
54%
Juià
54%
Sant Joan de Mollet
54%
Sant Martí de Llémena
54%
Sant Martí Vell
54%
Cervià de Ter
50%
Medinyà
42%
Sant Andreu Salou
38%
Viladasens
38%
No se encontraron pruebas coincidentes
Distribución de puntuación
Porcentaje de gente con cada puntuación
Porcentaje por número respondido
Historial de tus puntuaciones
No has intentado esta prueba.